Catálogo
 En Linea

Expansión evangélica en méxico / (Registro nro. 24952)

Detalles MARC
000 -CABECERA
campo de control de longitud fija 00566nam a2200181 a 4500
001 - NÚMERO DE CONTROL
campo de control 000025460
005 - FECHA Y HORA DE LA ÚLTIMA TRANSACCIÓN
campo de control 20200930023814.0
008 - DATOS DE LONGITUD FIJA--INFORMACIÓN GENERAL
campo de control de longitud fija 110216s1973 mx m r 000 0 spa d
040 ## - FUENTE DE LA CATALOGACIÓN
Centro catalogador/agencia de origen DO-SdBNP
Lengua de catalogación spa
Centro/agencia transcriptor BNPHU
082 ## - NÚMERO DE LA CLASIFICACIÓN DECIMAL DEWEY
Número de clasificación xxxxx
Número de documento/Ítem B851e
049 ## - FONDOS LOCALES (OCLC)
Fondos de biblioteca BNGR
100 1# - ENTRADA PRINCIPAL--NOMBRE DE PERSONA
Nombre de persona Bridges, Julian C.
9 (RLIN) 52078
245 10 - MENCIÓN DE TÍTULO
Título Expansión evangélica en méxico /
Mención de responsabilidad, etc. Julian C. Bridges.
260 ## - PUBLICACIÓN, DISTRIBUCIÓN, ETC.
Lugar de publicación, distribución, etc. México, D. F. :
Nombre del editor, distribuidor, etc. M. H.,
Fecha de publicación, distribución, etc. 1973.
300 ## - DESCRIPCIÓN FÍSICA
Extensión 87 p. :
Otras características físicas mapas. ;
Dimensiones 21 cm.
500 ## - NOTA GENERAL
Nota general Incluye referencia bibliográfica p. [86-87].
500 ## - NOTA GENERAL
Nota general Incluye notas al pie de las páginas.
Existencias
Estado de retiro Estado de pérdida Restricciones de uso No para préstamo Código de colección Localización permanente Ubicación/localización actual Ubicación en estantería Fecha de adquisición Número de inventario Total de préstamos Signatura topográfica completa Código de barras Fecha visto por última vez Precio válido a partir de Tipo de ítem Koha
        Monografías: Libros y Folletos General General En catalogación 16.02.2011 LF1   xxxxx B851e 25460-10 25.06.2020 25.06.2020 Préstamo en sala

Con tecnología Koha